Population by Last Letter - Statistics

General Stats
  • This quiz has been taken 24 times
  • The average score is 11 of 17
Answer Stats
Letter Country % Correct
A India
95%
Q Iraq
81%
L Brazil
76%
D Thailand
76%
Y Turkey
76%
H Bangladesh
71%
N Pakistan
71%
S United States
71%
O Mexico
62%
M Vietnam
62%
T Egypt
57%
E France
57%
U Peru
57%
K Denmark
52%
R Myanmar
33%
G Luxembourg
29%
I Mali
29%
No matching quizzes found
Score Distribution
Percent of People with Each Score
Percentile by Number Answered
Your Score History
You have not taken this quiz